| 000 | 005660000a22001810004500 | ||
|---|---|---|---|
| 090 |
_aAR _b00226 |
||
| 245 | 1 | 0 | _aDie westlichen randformen der Maureidechse Lacerta muralis (<Reptilia, Lacertidae>) |
| 650 | 1 | 4 |
_aReptiles _992767 |
| 650 | 1 | 4 |
_aFauna _992594 |
| 650 | 1 | 4 |
_aHerpetología _98027 |
| 650 | 1 | 4 |
_aTaxonomía animal _98245 |
| 650 | 1 | 4 |
_aBiología animal _911433 |
| 653 |
_fLacertidae _gLacerta _eLacerta muralis |
||
| 041 | 0 | _aAlemán | |
| 100 | 1 |
_aKlemmer, Konrad _993050 |
|
| 942 | _cARTICULO | ||
| 773 | 1 |
_tSenckenbergiana Biologica _32 _h3-5 _q491-499 _d1964 _g45 |
|
| 999 |
_c9326 _d9326 |
||